| 000 | 00543nam a2200157 a 4500 | ||
|---|---|---|---|
| 001 | 000035137 | ||
| 005 | 20200930074128.0 | ||
| 008 | 111025s1908 sp 000 0 spa d | ||
| 040 |
_aDO-SdBNP _bspa _cBNPHU |
||
| 082 |
_axxxx _bP438d |
||
| 100 | 1 |
_aPérez Indarte, Antonio _960839 |
|
| 245 | 1 | 3 |
_aEl dinero de la santa : _bjuguete cómico en un acto y en prosa / _cAntonio Pérez Indarte. |
| 260 |
_aMadrid : _bR. Velasco, _c1908. |
||
| 300 |
_a37 p. ; _c20 cm. |
||
| 500 | _aEstrenado en el Teatro Salón Victoria la noche del 14 de junio de 1908. | ||
| 999 |
_c34628 _d34628 |
||